Short Textbook of ENT Diseases (Record no. 152048)
[ view plain ]
| 000 -LEADER | |
|---|---|
| fixed length control field | 00410nam a2200145Ia 4500 |
| 008 - FIXED-LENGTH DATA ELEMENTS--GENERAL INFORMATION | |
| fixed length control field | 230411s9999 xx 000 0 und d |
| 020 ## - INTERNATIONAL STANDARD BOOK NUMBER | |
| International Standard Book Number | 81-900984-1-1 |
| 041 ## - LANGUAGE CODE | |
| Language code of text/sound track or separate title | eng |
| 082 ## - DEWEY DECIMAL CLASSIFICATION NUMBER | |
| Classification number | E/616.2/BHA/BHA/B00587 |
| 100 ## - MAIN ENTRY--PERSONAL NAME | |
| Personal name | Bhargava Krishnakant & Bhargava Samir |
| 9 (RLIN) | 176654 |
| 245 ## - TITLE STATEMENT | |
| Title | Short Textbook of ENT Diseases |
| 260 ## - PUBLICATION, DISTRIBUTION, ETC. (IMPRINT) | |
| Name of publisher, distributor, etc. | Usha Publications |
| Place of publication, distribution, etc. | Mumbai |
| Date of publication, distribution, etc. | 1999 |
| 300 ## - PHYSICAL DESCRIPTION | |
| Extent | 488p |
| Withdrawn status | Lost status | Damaged status | Not for loan | Collection code | Home library | Current library | Date acquired | Vendor | Cost, normal purchase price | Bill number | Total Checkouts | Full call number | Barcode | Date last seen | Cost, replacement price | Bill Date | Koha item type | Original Barcode |
|---|---|---|---|---|---|---|---|---|---|---|---|---|---|---|---|---|---|---|
| Smt. Bakul Tambat Institute of Nursing Education | Smt. Bakul Tambat Institute of Nursing Education | 13/02/2002 | A.D.Kansara Pune. | 180.00 | 6551 | E 616.2 BHA BHA B00587 | BTIN-BK-587 | 11/04/2023 | 180.00 | 13/02/2002 | Books | B00587 | ||||||
| Smt. Bakul Tambat Institute of Nursing Education | Smt. Bakul Tambat Institute of Nursing Education | 19/11/2003 | B.J.Medical Co-oprative College Stores | 250.00 | 6551 | E 616.2 BHA BHA B01586 | BTIN-BK-1586 | 11/04/2023 | 187.00 | 13/02/2002 | Books | B01586 | ||||||
| Smt. Bakul Tambat Institute of Nursing Education | Smt. Bakul Tambat Institute of Nursing Education | 06/12/2007 | M.K.S.S.S I.N.E.Ratnagiri. | 250.00 | 6551 | E 616.2 BHA BHA B04570 | BTIN-BK-4570 | 11/04/2023 | 250.00 | 13/02/2002 | Books | B04570 |